European International Rugby Championship 2023 by Divisions - Statistics

General Stats
  • This quiz has been taken 10 times
  • The average score is 25 of 33
Answer Stats
Country Division World Rank Captain % Correct
Georgia Championship 11 Davit Kacharava
100%
Germany Championship 32 Jorn Schroder
100%
Netherlands Championship 26 Dirk Dansen
100%
Belgium Championship 29 Julien Berger
88%
Luxembourg Conference Pool B 61 Chobe Sweetnam
88%
Poland Championship 34 Piotr Zeszutek
88%
Portugal Championship 16 Tomás Appleton
88%
Spain Championship 20 Fernando López
88%
Sweden Trophy 39 Philip Murphy
88%
Ukraine Trophy 36 TBC
88%
Andorra Conference Pool A 88 Jonathan Garcia
75%
Cyprus Conference Pool D N/A Billy Cosmas
75%
Czech Republic Trophy 35 Marek Loutocky
75%
Denmark Conference Pool A 75 Mikkel Andresen
75%
Finland Conference Pool A 71 Jussi Viljanen
75%
Hungary Conference Pool B 66 TBC
75%
Kosovo Development N/A Mehdi Krasniqi
75%
Latvia Conference Pool A 64 Ainars Berzins
75%
Lithuania Trophy 40 Tautvydas Krasauskas
75%
Montenegro Development N/A Boris Mijuskovic
75%
Romania Championship 19 Mikhai Macovei
75%
Slovenia Conference Pool B 77 Enej Radelj Semrov
75%
Switzerland Trophy 27 Cyril Lin
75%
Croatia Trophy 46 Nik Junrisic
63%
Malta Conference Pool D 44 Dominic Busuttil
63%
Moldova Conference Pool C 57 Alexandru Mutean
63%
Norway Conference Pool A 100 Fredrik Skovly
63%
Serbia Conference Pool C 80 Velibor Srekovic
63%
Austria Conference Pool B 87 Robert Schneider
50%
Bosnia and Herzegovina Conference Pool B 89 Armin Vehabovic
50%
Bulgaria Conference Pool C 59 Petar Nikolov
50%
Israel Conference Pool D 62 Adrian Rainstein
50%
Turkey Conference Pool C N/A TBC
50%
No matching quizzes found
Score Distribution
Percent of People with Each Score
Percentile by Number Answered
Your Score History
You have not taken this quiz